Bezpečnost při práci ve strojírenství

Bibliographic Details
Main Author: Trnobranský, Jiří (Author)
Format: Book
Language:Czech
PhysicalDescription:407 s. fotogr., obr. 20 cm
Published: Praha Práce 1962
Edition:2., zcela přeprac. vyd.
Series:Knižnice ochrany a bezpečnosti při práci
Subjects:

MARC

LEADER 00000cam a2200000 a 4500
001 vtls001289635
003 SK-MaSNL
005 20260301195701.0
008 251113s1962 xr o 00100 cze
035 |a SNK000241259 
040 |a SNK  |b slo  |c SNK  |e AACR2 
041 0 |a cze 
044 |a xr  |c CZ 
080 |a 621  |2 2001 
080 |a 331.45  |2 2001 
100 1 |a Trnobranský, Jiří  |4 aut  |9 63728 
245 1 |a Bezpečnost při práci ve strojírenství  |c Jiří Trnobranský a kol. 
250 |a 2., zcela přeprac. vyd. 
260 |a Praha  |b Práce  |c 1962 
300 |a 407 s.  |b fotogr., obr.  |c 20 cm 
366 |e 9 000 výtl. 
490 1 |a Knižnice ochrany a bezpečnosti při práci  |v sv. 89 
504 |a Bibliogr.: s. 391-392; register 
650 0 7 |a strojárstvo  |2 SNKPH  |9 674 
650 0 7 |a bezpečnosť práce  |2 SNKPH  |9 1296 
830 0 |a Knižnice ochrany a bezpečnosti při práci  |9 287540 
852 |a Štátna vedecká knižnica v Banskej Bystrici 
999 |c 886891  |d 888821 
952 |t P60, <04>, [BOOK], {604}  |a SNK  |b SNK  |y VYP  |7 0  |o snkIC 31043  |i snkKIP 5443/62  |0 0  |1 0  |4 0  |d 1997-06-05  |l 0  |r 2005-01-02 00:00:00  |w 2026-02-24 
952 |t P60, <04>, [BOOK], {604}  |a SNK  |b SNK  |y VYP  |7 0  |o snkIC 31043 D1  |i snkKIP 5444/62  |0 0  |1 0  |4 0  |d 1997-06-05  |l 0  |r 2005-01-02 00:00:00  |w 2026-02-24